Statistiques concernant Dates - La Première Guerre mondiale

Cliquez ici pour prendre le quiz!

Statistiques générales

  • Ce quiz a été pris 36 fois
    (12 depuis la dernière actualisation)
  • Le résultat moyen est 5 sur 28

Statistiques - réponses

EvènementPrécisionDate% Correct
Attentat de SarajevoJours, mois et année28 juin 1914
63%
Formation de l’Alliance (Autriche et Allemagne)Année1882
50%
Alliance entre la France et la RussieAnnée1893
38%
Entente cordiale (France et Royaume-Uni)Année1904
25%
Exil de LénineAnnée1905
25%
Triple EntenteAnnée1907
25%
Déclaration de guerre de la France à AllemagneJour, mois et année3 août 1914
25%
Le tsar prend la tête des opérations militaires russesAnnée1915
25%
Abdication du tsar, gouvernement provisoire modéréMois et annéeFévrier 1917
25%
Bataille de VerdunMois et annéeFévrier-décembre 1916
25%
Chemin des DamesAnnée1917
25%
Débuts des pourparlers du Parlement russe pour la paixMois et annéeDécembre 1917
13%
Abandon du pouvoir du gouvernement provisoire russe (à Kerenski)Mois et annéeJuillet 1917
13%
L’Allemagne ramène Lénine en RussieMois et annéeAvril 1917
13%
Bataille de la SommeMois et annéeJuillet-novembre 1916
13%
Bataille des DardanellesMois et annéeFévrier-juin 1915
13%
Bataille de la MarneJours, mois et année6-13 septembre 1914
13%
Bataille de TannenbergJours, mois et année26-30 août 1914
13%
Déclaration de guerre du Royaume-Uni à l’AllemagneJour, mois et année4 août 1914
13%
Alliance du Japon et de l’Italie à l’EntenteAnnée1917
13%
Emeutes russes de la faim, grèves des soldatsJours, mois et année8-11 mars 1916
0%
Le tsar demande à son frère de le remplacer au pouvoirJour, mois et année15 mars 1917
0%
Arrestation et emprisonnement de la famille royale russeJour, mois et année21 mars 1917
0%
Entrée en guerre des Etats-UnisJour, mois et année6 avril 1917
0%
Publication des Thèses d’avril de LénineJour, mois et année14 avril 1917
0%
Organisation stricte des sovietsJours, mois et année22 septembre-8 octobre 1917
0%
Prise de pouvoir des soviets à Petrograd (Lénine à leur tête)Jours, mois et annéeNuit du 6 au 7 novembre 1917
0%
Paix de Brest-Litovsk (début des négociations)Jour, mois et année15 décembre 1917
0%

Distribution des résultats

Percentile par nombre de réponses

% des personnes avec chaque résultat

Votre développement - résultats

Vous n’avez pas pris ce quiz depuis la dernière actualisation